LEADER 01013nam0-22003251i-450- 001 990006850910403321 005 20001010 010 $a88-8402-200-2 035 $a000685091 035 $aFED01000685091 035 $a(Aleph)000685091FED01 035 $a000685091 100 $a20001010d--------km-y0itay50------ba 101 0 $aita 105 $ay-------001yy 200 1 $aNICCOLO' Machiavelli politico storico letterato$eatti del convegno di Losanna. 27-30 settembre 1995$fA cura diJean-Jacques Marchand. 210 $aRoma$cSalerno$d1996. 215 $a472 p.$d24 cm 225 1 $aBiblioteca di filologia e critica$v4 610 0 $aMachiavelli, Niccolò - Congressi - 1995 676 $a320.5092 702 1$aMarchand,$bJean-Jacques$f<1944- > 801 0$aIT$bUNINA$gRICA$2UNIMARC 901 $aBK 912 $a990006850910403321 952 $aCOLLEZ. 1736 (4)$b30139$fFSPBC 959 $aFSPBC 996 $aNICCOLO' Machiavelli politico storico letterato$9626864 997 $aUNINA DB $aGEN01 LEADER 01105nam0-22003491--450- 001 990008135050403321 005 20120621202821.0 010 $a88-14-09223-0 035 $a000813505 035 $aFED01000813505 035 $a(Aleph)000813505FED01 035 $a000813505 100 $a20050622d2001----km-y0itay50------ba 101 0 $aita 102 $aIT 105 $ay---n---001yy 200 1 $aImpium praesidium$ele ragioni a favore e contro l'usucapione$fRaffaele Caterina 210 $aMilano$cGiuffrè$d2001 215 $aIX, 289 p.$d24 cm 225 1 $aStudi di diritto privato$fUniversità degli studi di Milano, Facoltà di giurisprudenza$v96 300 $aIn testa al front.: Università degli studi di Milano. Facoltà di giurisprudenza 676 $a346.450 432$v19$zita 700 1$aCaterina,$bRaffaele$0261965 801 0$aIT$bUNINA$gRICA$2UNIMARC 901 $aBK 912 $a990008135050403321 952 $aA-III-E-12$b13241$fDDRC 952 $aUNIVERSITA' 71(96)$b43012*$fFGBC 959 $aDDRC 959 $aFGBC 996 $aImpium praesidium$9756111 997 $aUNINA